00573 2200181 4500001002100000005001500021035002500036090001400061245010500075260004900180300002900229008004100258082000800299084001400307650003400321990001800355990001800373YOGYA00000000003261620180710070621 a0010-081400000032334 aL 320 Ver aVerzameling Reglementen en Keuren van Politie :bWelke in het Gewest Djokjakarta Nog van Kracht Zijn aDjokjakarta :bDrukkerij "Bob" Djokja,c1925 a223 hlm :bilus ;c23 cm180710 g 0 dut  a320 aL 320 VER aIlmu Politik dan Pemerintahan a38665-PD/A.08 a38666-PD/A.08